[Event "Macieja Memorial"]
[Site "Warsaw POL"]
[Date "2022.07.08"]
[Round "10.36"]
[White "Bartel, Marta"]
[Black "Vanduyfhuys, Daria"]
[Result "1-0"]
[WhiteElo "1946"]
[BlackElo "1716"]
[EventDate "????.??.??"]
[PlyCount "59"]

1.d4 d5 2.c4 e6 3.Nc3 Be7 4.Nf3 Nf6 5.cxd5 exd5 6.Bg5 O-O 7.e3 c6 8.Qc2 Nbd7 
9.Bd3 Re8 10.O-O Nf8 11.Bh4 Ne4 12.Bxe7 Qxe7 13.Rab1 Bf5 14.b4 a6 15.a4 Nxc3 
16.Qxc3 Bxd3 17.Qxd3 Nd7 18.Rfc1 Nf6 19.b5 axb5 20.axb5 Ra3 21.Rb3 Rea8 22.bxc6 
bxc6 23.h3 Qd6 24.Ne5 Ra1 25.Rc3 h6 26.Nxc6 Ne4 27.Rc2 Rxc1+ 28.Rxc1 Ra2 29.f4 
Qg6 30.Ne7+ 1-0

[Event "Macieja Memorial"]
[Site "Warsaw POL"]
[Date "2022.07.08"]
[Round "11.1"]
[White "Klekowski, Maciej"]
[Black "Licznerski, Lukasz"]
[Result "1-0"]
[WhiteElo "2476"]
[BlackElo "2387"]
[EventDate "????.??.??"]
[PlyCount "79"]

1.c4 Nf6 2.Nc3 d5 3.cxd5 Nxd5 4.g3 g6 5.Bg2 Nb6 6.d3 Bg7 7.Be3 Nc6 8.Rc1 Nd4 
9.h4 h5 10.Nf3 e5 11.Bg5 f6 12.Bd2 O-O 13.O-O c6 14.Ne4 Nxf3+ 15.Bxf3 Qe7 
16.Nc5 Qf7 17.a4 Nd5 18.a5 b6 19.Ne4 Qe6 20.Qb3 Bb7 21.Nc5 bxc5 22.Qxb7 Rfb8 
23.Qa6 Rxb2 24.Rxc5 Ne7 25.Bc3 Rc2 26.Bxc6 Nxc6 27.Rxc6 Qd5 28.e4 Qd7 29.Qc4+ 
Kh7 30.Rc7 Qd6 31.Rb1 Rd8 32.Rbb7 Rg8 33.Rxa7 Rc1+ 34.Kg2 Rd1 35.Bb4 Qd8 36.Be7 
Qb8 37.Bxf6 Qb1 38.Rxg7+ Rxg7 39.Rxg7+ Kh6 40.Rh7+ 1-0

[Event "Macieja Memorial"]
[Site "Warsaw POL"]
[Date "2022.07.08"]
[Round "11.4"]
[White "Janik, Igor"]
[Black "Warakomski, Tomasz"]
[Result "1-0"]
[WhiteElo "2456"]
[BlackElo "2397"]
[EventDate "????.??.??"]
[PlyCount "69"]

1.c4 e5 2.Nc3 Nc6 3.Nf3 Nf6 4.g3 Nd4 5.Bg2 Nxf3+ 6.Bxf3 Bb4 7.Qb3 Bc5 8.d3 c6 
9.O-O O-O 10.Bg5 h6 11.Bxf6 Qxf6 12.Ne4 Qe7 13.Nxc5 Qxc5 14.Qc3 Qe7 15.c5 d5 
16.cxd6 Qxd6 17.Rfc1 Bd7 18.b4 a6 19.Qc5 Qc7 20.a4 Rfc8 21.Rc3 f6 22.Rac1 Qd8 
23.d4 exd4 24.Rd3 Be8 25.Rxd4 Qc7 26.Rcd1 Rd8 27.b5 axb5 28.axb5 Rxd4 29.Rxd4 
Qa5 30.Rb4 cxb5 31.Bxb7 Rd8 32.Bd5+ Kh7 33.Rd4 Qe1+ 34.Kg2 Qxe2 35.Bf3 1-0

[Event "Macieja Memorial"]
[Site "Warsaw POL"]
[Date "2022.07.08"]
[Round "11.5"]
[White "Markowski, Tomasz"]
[Black "Mickiewicz, Piotr"]
[Result "1-0"]
[WhiteElo "2504"]
[BlackElo "2209"]
[EventDate "????.??.??"]
[PlyCount "65"]

1.d4 Nf6 2.c4 g6 3.Nc3 Bg7 4.g3 O-O 5.Bg2 c5 6.d5 d6 7.Nf3 a6 8.a4 e6 9.O-O 
exd5 10.cxd5 Nbd7 11.Bf4 Qc7 12.e4 Re8 13.Qc2 Ng4 14.h3 Nge5 15.Nd2 c4 16.Be3 
Nc5 17.a5 Bd7 18.Kh2 f5 19.f4 Ned3 20.Nxc4 fxe4 21.Nb6 Rad8 22.Nxe4 Nb4 23.Qc1 
Bb5 24.Bxc5 dxc5 25.d6 Qf7 26.Qxc5 Bxf1 27.Rxf1 Nd3 28.Qc7 Nxb2 29.Ng5 Qxc7 
30.dxc7 Nd3 31.cxd8=Q Rxd8 32.Bd5+ Rxd5 33.Nxd5 1-0

[Event "Macieja Memorial"]
[Site "Warsaw POL"]
[Date "2022.07.08"]
[Round "11.6"]
[White "Pakleza, Zbigniew"]
[Black "Pacan-milej, Kosma"]
[Result "1-0"]
[WhiteElo "2467"]
[BlackElo "2183"]
[EventDate "????.??.??"]
[PlyCount "89"]

1.d4 Nf6 2.Nf3 g6 3.Bf4 Bg7 4.e3 O-O 5.Be2 d6 6.h3 b6 7.O-O Bb7 8.c3 Nbd7 
9.Nbd2 c5 10.a4 a6 11.Bg3 Ne4 12.Nxe4 Bxe4 13.Nd2 Bb7 14.Bf3 Qc7 15.Re1 Rab8 
16.b4 Bxf3 17.Nxf3 cxb4 18.cxb4 Qc4 19.Qb1 Rfc8 20.Rc1 Qd5 21.Qd3 b5 22.axb5 
axb5 23.Rxc8+ Rxc8 24.Ra7 Rd8 25.e4 Qc6 26.e5 dxe5 27.dxe5 Qc4 28.Qd2 Qc8 29.e6 
Ne5 30.exf7+ Nxf7 31.Qe2 Rd7 32.Ra5 Qc4 33.Qe3 Qxb4 34.Ra8+ Rd8 35.Ra7 Re8 
36.Rb7 Qc4 37.Kh2 b4 38.Qb6 Bc3 39.Rc7 Qd3 40.Qc6 Rf8 41.Rxe7 b3 42.Re3 Qd4 
43.Qxc3 Qxc3 44.Rxc3 b2 45.Rb3 1-0

[Event "Macieja Memorial"]
[Site "Warsaw POL"]
[Date "2022.07.08"]
[Round "11.7"]
[White "Danielyan, Vahe"]
[Black "Wieczorek, Oskar"]
[Result "1-0"]
[WhiteElo "2419"]
[BlackElo "2330"]
[EventDate "????.??.??"]
[PlyCount "105"]

1.e4 c5 2.Nc3 e6 3.Nf3 d6 4.g3 Nc6 5.d4 cxd4 6.Nxd4 Nf6 7.Bg2 Be7 8.O-O Bd7 
9.Nb3 a6 10.a4 O-O 11.Be3 Ne5 12.a5 Nc4 13.Bc1 Qc7 14.h3 d5 15.exd5 exd5 
16.Nxd5 Nxd5 17.Qxd5 Nd6 18.Bf4 Be6 19.Qc5 Qd7 20.Rad1 Rfd8 21.Qb6 Qb5 22.Nc5 
Qxb6 23.axb6 Bc8 24.Bxd6 Rxd6 25.Rxd6 Bxd6 26.Bxb7 Bxb7 27.Nxb7 Bb4 28.c3 Rb8 
29.cxb4 Rxb7 30.Rc1 Kf8 31.Rc6 Ke7 32.Kf1 Kd7 33.Rc7+ Rxc7 34.bxc7 Kxc7 35.Ke2 
Kb6 36.Kd3 Kb5 37.Kc3 Kb6 38.Kc4 Kc6 39.f3 Kb6 40.Kb3 Kb5 41.Ka3 h6 42.h4 h5 
43.Kb3 Kc6 44.g4 g6 45.g5 Kd5 46.Ka4 f6 47.gxf6 Ke6 48.f4 Kxf6 49.Ka5 Kf5 
50.Kxa6 Kxf4 51.b5 g5 52.b6 g4 53.b7 1-0

[Event "Macieja Memorial"]
[Site "Warsaw POL"]
[Date "2022.07.08"]
[Round "11.8"]
[White "Sarkar, Justin"]
[Black "Heberla, Bartlomiej"]
[Result "0-1"]
[WhiteElo "2006"]
[BlackElo "2361"]
[EventDate "????.??.??"]
[PlyCount "41"]

1.d4 d5 2.c4 e6 3.Nf3 Nf6 4.g3 Be7 5.Bg2 O-O 6.O-O dxc4 7.Qc2 b5 8.a4 b4 9.Ne5 
Qxd4 10.Bxa8 Qxe5 11.Bf4 Qh5 12.Bf3 Ng4 13.Bxg4 Qxg4 14.Qxc4 e5 15.f3 Qf5 16.e4 
Qf6 17.Be3 Ba6 18.Qxc7 Bxf1 19.Kxf1 Qxf3+ 20.Bf2 Bg5 21.h4 0-1

[Event "Macieja Memorial"]
[Site "Warsaw POL"]
[Date "2022.07.08"]
[Round "11.9"]
[White "Karolczuk, Iwo"]
[Black "Kowalski, Igor"]
[Result "0-1"]
[WhiteElo "2281"]
[BlackElo "2287"]
[EventDate "????.??.??"]
[PlyCount "132"]

1.d4 Nf6 2.Nf3 d5 3.c4 c6 4.e3 Bf5 5.Bd3 Bg6 6.Qc2 e6 7.Nbd2 Nbd7 8.b3 Bd6 
9.Bb2 Qe7 10.Ne5 Bxe5 11.dxe5 Ng4 12.Nf3 Bxd3 13.Qxd3 Nc5 14.Qc2 Ne4 15.O-O O-O 
16.h3 Nh6 17.Nd4 f6 18.exf6 gxf6 19.Ne2 e5 20.cxd5 cxd5 21.f3 Ng5 22.Nc3 Rfd8 
23.Rad1 d4 24.exd4 exd4 25.Ne4 Rac8 26.Qd3 Ne6 27.Qb5 Rc2 28.Bc1 Nf7 29.Qf5 Kg7 
30.Nxf6 Rc5 31.Nh5+ Kh8 32.Qf6+ Qxf6 33.Nxf6 Rc2 34.Rd2 Rdc8 35.Rxc2 Rxc2 
36.Re1 d3 37.Be3 Rxa2 38.Rd1 Ne5 39.f4 Re2 40.Nd5 Rxe3 41.Nxe3 Nxf4 42.Kf2 Ne2 
43.Rxd3 Nxd3+ 44.Kxe2 Nc1+ 45.Kd2 Nxb3+ 46.Kc3 Nc5 47.Kb4 Nd3+ 48.Kb5 Kg7 49.g4 
Kf6 50.h4 Ke5 51.g5 Nf4 52.Ng4+ Kf5 53.Nf6 Kg6 54.Ng4 Ng2 55.Ne5+ Kf5 56.Nc4 b6 
57.Ka6 Nxh4 58.Kxa7 b5 59.Nd6+ Kxg5 60.Nxb5 Nf3 61.Nd6 h5 62.Ne4+ Kf4 63.Nf2 h4 
64.Kb6 Kg3 65.Ne4+ Kg2 66.Ng5 Nxg5 0-1

[Event "Macieja Memorial"]
[Site "Warsaw POL"]
[Date "2022.07.08"]
[Round "11.10"]
[White "Kosakowski, Jakub"]
[Black "Sriram, Jha"]
[Result "1-0"]
[WhiteElo "2476"]
[BlackElo "2239"]
[EventDate "????.??.??"]
[PlyCount "51"]

1.e4 d6 2.d4 Nf6 3.Nc3 c6 4.f4 Qa5 5.Bd3 e5 6.Nf3 Bg4 7.Be3 Qb6 8.Qd2 exf4 
9.Bf2 Be7 10.O-O-O Bxf3 11.gxf3 Nh5 12.d5 Qa5 13.Qe2 O-O 14.e5 Nd7 15.e6 Ne5 
16.Bd4 Bf6 17.Ne4 Nxd3+ 18.Qxd3 Bxd4 19.Qxd4 Qxa2 20.Rhg1 Qa1+ 21.Kd2 Qa5+ 
22.b4 Qxd5 23.Rxg7+ Kh8 24.Rg8+ Kxg8 25.Rg1+ Ng3 26.Nf6+ 1-0

[Event "Macieja Memorial"]
[Site "Warsaw POL"]
[Date "2022.07.08"]
[Round "11.11"]
[White "Olszewski, Michal"]
[Black "Sieciechowicz, Marcin"]
[Result "0-1"]
[WhiteElo "2344"]
[BlackElo "2228"]
[EventDate "????.??.??"]
[PlyCount "138"]

1.Nf3 Nf6 2.c4 g6 3.Nc3 Bg7 4.e4 d6 5.d4 O-O 6.h3 c5 7.d5 e6 8.Bd3 exd5 9.cxd5 
Re8 10.O-O Nbd7 11.Be3 a6 12.a4 Ne5 13.Nxe5 Rxe5 14.f4 Re8 15.Qd2 Bd7 16.Rae1 
c4 17.Bc2 b5 18.axb5 axb5 19.Bd4 b4 20.Nd1 b3 21.Bb1 Ra1 22.Nc3 Rxb1 23.Rxb1 
Nxe4 24.Nxe4 Rxe4 25.Bxg7 Kxg7 26.Rbe1 Qb6+ 27.Kh2 Qd4 28.Qc1 Qxd5 29.Qc3+ Kg8 
30.Rd1 Qc5 31.Ra1 Re8 32.Ra6 Bf5 33.Rd1 Bd3 34.Ra5 Qe3 35.Qf6 Qe6 36.Qd4 Qe2 
37.Rg1 h5 38.Ra7 Qe6 39.Rga1 Be4 40.R1a6 Rd8 41.Rc7 Qf5 42.Rxc4 Qxf4+ 43.Kg1 d5 
44.Rcc6 Qg3 45.Qd2 Re8 46.Rc3 Qe5 47.Rxb3 d4 48.Rab6 d3 49.R6b4 Rc8 50.Rc3 Ra8 
51.Rc1 Qd5 52.Re1 Bf5 53.Rf4 Rc8 54.Rf2 Rc2 55.Qe3 Rc6 56.Rd2 Re6 57.Qf2 Rc6 
58.b4 Rc2 59.Rxc2 dxc2 60.Qf4 Kg7 61.Kh2 Qc6 62.Qd4+ Kh7 63.Rc1 Qc7+ 64.Kg1 Qc6 
65.Qc5 Qf6 66.Re1 Qh4 67.Rc1 Qf4 68.Re1 Qd2 69.Qf2 c1=Q 0-1

[Event "Macieja Memorial"]
[Site "Warsaw POL"]
[Date "2022.07.08"]
[Round "11.12"]
[White "Mirski, Michal"]
[Black "Sadzikowski, Daniel"]
[Result "0-1"]
[WhiteElo "1798"]
[BlackElo "2297"]
[EventDate "????.??.??"]
[PlyCount "62"]

1.e4 c5 2.Nf3 d6 3.d4 cxd4 4.Nxd4 Nf6 5.Nc3 a6 6.g3 e5 7.Nde2 Be6 8.Bg2 h5 
9.Bg5 Be7 10.Qd2 Nbd7 11.O-O-O b5 12.Bxf6 Nxf6 13.Kb1 Qc7 14.f4 O-O 15.Nd5 Bxd5 
16.exd5 Rac8 17.h3 Qc4 18.b3 Qc5 19.Nc1 e4 20.Ne2 Nxd5 21.Bxe4 Ne3 22.Rc1 Bf6 
23.c3 Rfe8 24.Bf3 Qf5+ 25.Kb2 b4 26.Nd4 Qc5 27.Ne2 Qb6 28.Kb1 bxc3 29.Nxc3 Nc4 
30.Qd3 Na3+ 31.Kb2 Nb5 0-1

[Event "Macieja Memorial"]
[Site "Warsaw POL"]
[Date "2022.07.08"]
[Round "11.14"]
[White "Baum, Jonasz"]
[Black "Nurkiewicz, Maciej"]
[Result "0-1"]
[WhiteElo "2240"]
[BlackElo "2171"]
[EventDate "????.??.??"]
[PlyCount "50"]

1.e4 e5 2.Nc3 Nc6 3.f4 exf4 4.d4 Qh4+ 5.Ke2 Nf6 6.Nf3 Qh5 7.Bxf4 Bb4 8.e5 Bxc3 
9.exf6 Bxd4 10.Kd2 Bxf6 11.Qe1+ Ne7 12.Rd1 Bxb2 13.c3 Qa5 14.Qe5 Qxa2 15.Bd3 
Ba3+ 16.Ke3 Bd6 17.Qe4 Bxf4+ 18.Kxf4 Qe6 19.Rhe1 Qxe4+ 20.Rxe4 d6 21.Rde1 Be6 
22.Nd4 O-O 23.Kg3 Nd5 24.c4 Nf6 25.Nxe6 Nxe4+ 0-1

[Event "Macieja Memorial"]
[Site "Warsaw POL"]
[Date "2022.07.08"]
[Round "11.15"]
[White "Chylewski, Patryk"]
[Black "Socko, Bartosz"]
[Result "0-1"]
[WhiteElo "2131"]
[BlackElo "2624"]
[EventDate "????.??.??"]
[PlyCount "66"]

1.e4 e6 2.b3 d5 3.Bb2 dxe4 4.Nc3 Bd7 5.Nxe4 Bc6 6.Qe2 Nd7 7.Nf3 Ngf6 8.Nxf6+ 
Nxf6 9.g3 Be7 10.Bg2 O-O 11.O-O Re8 12.Rad1 Qd6 13.Qe5 Rad8 14.Qxd6 cxd6 
15.Rfe1 Rc8 16.c4 b5 17.d3 a6 18.Nd4 Bxg2 19.Kxg2 bxc4 20.dxc4 Nd7 21.Ne2 Nc5 
22.Nc3 Red8 23.Ba3 g6 24.Bxc5 Rxc5 25.Rd3 Rc6 26.Red1 Kg7 27.f4 h6 28.Kf3 g5 
29.Ne4 f5 30.Nc3 g4+ 31.Kg2 Kf7 32.Re1 Bf6 33.Rde3 d5 0-1

[Event "Macieja Memorial"]
[Site "Warsaw POL"]
[Date "2022.07.08"]
[Round "11.16"]
[White "Dworakowska, Joanna"]
[Black "Brodowski, Piotr"]
[Result "0-1"]
[WhiteElo "2122"]
[BlackElo "2431"]
[EventDate "????.??.??"]
[PlyCount "62"]

1.e4 c5 2.Nf3 g6 3.d4 Bg7 4.c4 Qb6 5.dxc5 Qxc5 6.Qc2 Nc6 7.Nc3 Nf6 8.Be3 Qa5 
9.Be2 Nxe4 10.O-O Nxc3 11.bxc3 Qxc3 12.Qe4 d6 13.Rad1 h6 14.Qh4 Qf6 15.Qg3 O-O 
16.Rd2 b6 17.Nd4 Nxd4 18.Bxd4 Qg5 19.Qc3 Bb7 20.Bf3 Bxf3 21.Qxf3 Qxd2 22.Be3 
Qc2 23.h4 Qxc4 24.h5 Qe6 25.hxg6 fxg6 26.Qb7 Rac8 27.Qxa7 Rc2 28.a4 Ra2 29.Bxb6 
Qe2 30.a5 Rc8 31.Qd7 Qxf1+ 0-1

[Event "Macieja Memorial"]
[Site "Warsaw POL"]
[Date "2022.07.08"]
[Round "11.18"]
[White "Gdanski, Jacek"]
[Black "Dylag, Emilia"]
[Result "1-0"]
[WhiteElo "2385"]
[BlackElo "1930"]
[EventDate "????.??.??"]
[PlyCount "117"]

1.e4 e5 2.Nf3 Nc6 3.Bb5 a6 4.Ba4 d6 5.Bxc6+ bxc6 6.d4 exd4 7.Qxd4 Nf6 8.Nc3 Be7 
9.Bg5 O-O 10.O-O h6 11.Bh4 Rb8 12.b3 c5 13.Qd3 Bb7 14.Rfe1 Re8 15.Rad1 Nd7 
16.Bxe7 Qxe7 17.Nd5 Qd8 18.c4 Nf6 19.h3 Bc6 20.e5 dxe5 21.Nxe5 Bxd5 22.cxd5 Qd6 
23.Nc6 Ra8 24.Rxe8+ Rxe8 25.Qxa6 Nxd5 26.Qd3 Qxc6 27.Qxd5 Re1+ 28.Kh2 Qxd5 
29.Rxd5 Re2 30.a4 c4 31.bxc4 Rxf2 32.Rc5 Ra2 33.a5 Ra3 34.Rxc7 Rxa5 35.Kg3 Ra3+ 
36.Kf4 Rc3 37.h4 Kf8 38.Ke5 Rc1 39.c5 Rc2 40.g3 g6 41.Kd6 Kg7 42.Re7 Rc3 43.c6 
Rxg3 44.Re5 Ra3 45.c7 Ra8 46.Rb5 Rc8 47.Kd7 Rxc7+ 48.Kxc7 Kf6 49.Kd6 g5 50.h5 
g4 51.Ra5 g3 52.Ra3 Kg5 53.Rxg3+ Kxh5 54.Ke5 Kh4 55.Kf4 h5 56.Kf3 f5 57.Rg8 Kh3 
58.Rh8 f4 59.Rxh5# 1-0

[Event "Macieja Memorial"]
[Site "Warsaw POL"]
[Date "2022.07.08"]
[Round "11.19"]
[White "Goraj, Barbara"]
[Black "Krasenkow, Michal"]
[Result "1-0"]
[WhiteElo "2015"]
[BlackElo "2369"]
[EventDate "????.??.??"]
[PlyCount "85"]

1.e4 g6 2.d4 Bg7 3.Nc3 c6 4.Nf3 d6 5.Be3 Nf6 6.h3 b5 7.a3 O-O 8.Be2 Nbd7 9.Qd2 
e5 10.dxe5 dxe5 11.O-O Qe7 12.Rad1 Nc5 13.Qd6 Qxd6 14.Rxd6 Ncxe4 15.Nxe4 Nxe4 
16.Rxc6 Be6 17.Bd3 Bd5 18.Rc7 a6 19.c4 bxc4 20.Bxc4 Bxc4 21.Rxc4 f5 22.Rfc1 Rf7 
23.b4 Rd7 24.Kf1 Kf7 25.Ke2 Ke8 26.Rc6 Kf7 27.Rc7 Rd8 28.Rxd7+ Rxd7 29.Rc6 Rd6 
30.Rc7+ Kf6 31.h4 Re6 32.Ng5 Re7 33.Nxh7+ Ke6 34.Rxe7+ Kxe7 35.Ng5 Nc3+ 36.Kd3 
Nd5 37.Bc5+ Kd7 38.g3 Kc6 39.Ne6 e4+ 40.Kc4 Be5 41.Nd8+ Kd7 42.Kxd5 Kxd8 
43.Kxe5 1-0

[Event "Macieja Memorial"]
[Site "Warsaw POL"]
[Date "2022.07.08"]
[Round "11.20"]
[White "Lee, Hyo"]
[Black "Leniart, Arkadiusz"]
[Result "1-0"]
[WhiteElo "2010"]
[BlackElo "2327"]
[EventDate "????.??.??"]
[PlyCount "101"]

1.e4 e5 2.Nf3 Nc6 3.Bc4 Nf6 4.d4 exd4 5.e5 d5 6.Bb5 Ne4 7.Nxd4 Bd7 8.Bxc6 bxc6 
9.O-O Bc5 10.f3 Ng5 11.f4 Ne4 12.Be3 Qe7 13.Nd2 Nd6 14.Re1 Nf5 15.Nxf5 Bxf5 
16.Nb3 Bb6 17.c3 O-O 18.Qd2 Be4 19.Qf2 f6 20.exf6 Qxf6 21.Nc5 Bxc5 22.Bxc5 Rf7 
23.Bxa7 g5 24.Bd4 Qg6 25.Qg3 Rf5 26.a4 h5 27.Rf1 Raf8 28.fxg5 Rxg5 29.Rxf8+ 
Kxf8 30.Qf4+ Rf5 31.Qg3 Rg5 32.Qf4+ Kg8 33.g3 Rf5 34.Qxc7 Qg5 35.Qc8+ Rf8 
36.Qe6+ Kh7 37.Qe5 Qxe5 38.Bxe5 Ra8 39.a5 Bd3 40.Kf2 Kg6 41.Ke3 Bc4 42.Kd4 Kf5 
43.Bf4 Ke6 44.Kc5 Kd7 45.b4 Ra7 46.Re1 Ra8 47.Bd6 Rg8 48.Re7+ Kc8 49.Kxc6 Bb3 
50.Ra7 Ba4+ 51.b5 1-0

[Event "Macieja Memorial"]
[Site "Warsaw POL"]
[Date "2022.07.08"]
[Round "11.21"]
[White "Kaminski, Maciej"]
[Black "Mikrut, Dariusz"]
[Result "0-1"]
[WhiteElo "1840"]
[BlackElo "2266"]
[EventDate "????.??.??"]
[PlyCount "84"]

1.e4 c5 2.Nf3 d6 3.d4 cxd4 4.Nxd4 Nf6 5.Nc3 g6 6.Be3 Bg7 7.f3 Nc6 8.Qd2 O-O 
9.Bc4 Nxd4 10.Bxd4 Be6 11.Bb3 Qa5 12.O-O-O b5 13.Kb1 b4 14.Nd5 Bxd5 15.exd5 Qb5 
16.Qd3 Qxd3 17.Rxd3 a5 18.Ba4 Rac8 19.Re1 Rc7 20.g4 Ne8 21.Bxg7 Nxg7 22.f4 Rb8 
23.Bc6 Kf8 24.a3 Ra7 25.Rb3 Ra6 26.axb4 axb4 27.Re4 Rab6 28.Rf3 f5 29.Re1 fxg4 
30.Rfe3 e6 31.Rd3 h5 32.Ba4 exd5 33.Rxd5 R8b7 34.Bb3 Re7 35.Red1 Nf5 36.Ra5 Kg7 
37.Ra8 h4 38.Rg8+ Kh7 39.Rg1 Nd4 40.Bd5 Rb5 41.b3 Rxd5 42.Rxg4 Kxg8 0-1

[Event "Macieja Memorial"]
[Site "Warsaw POL"]
[Date "2022.07.08"]
[Round "11.22"]
[White "Kubiak, Jakub"]
[Black "Jarmula, Lukasz"]
[Result "1/2-1/2"]
[WhiteElo "1812"]
[BlackElo "2246"]
[EventDate "????.??.??"]
[PlyCount "111"]

1.e4 e5 2.Nf3 Nf6 3.Nxe5 d6 4.Nd3 Nxe4 5.Qe2 Qe7 6.Nf4 Nf6 7.d4 Qxe2+ 8.Bxe2 
Be7 9.O-O Bf5 10.c4 Nc6 11.d5 Nd4 12.Na3 Nxe2+ 13.Nxe2 O-O 14.Re1 Rfe8 15.h3 a6 
16.Nd4 Bg6 17.Bg5 h6 18.Bh4 Bh7 19.f3 g5 20.Bf2 Nd7 21.Re3 Bf6 22.Rae1 Rxe3 
23.Bxe3 Re8 24.Nac2 Nc5 25.b3 Nd3 26.Re2 Nc5 27.Kf2 Kf8 28.Bd2 Rxe2+ 29.Kxe2 
Nd7 30.h4 Ne5 31.hxg5 hxg5 32.Be3 Bg6 33.Ne1 Ke7 34.g4 Nd7 35.Nd3 Bxd3+ 36.Kxd3 
Nc5+ 37.Kd2 Bxd4 38.Bxd4 Nd7 39.Ke3 f6 40.Ke4 Kf7 41.Kf5 c5 42.dxc6 bxc6 43.a3 
a5 44.b4 axb4 45.axb4 c5 46.bxc5 dxc5 47.Bc3 Ke7 48.f4 gxf4 49.Kxf4 Nb6 50.Kf5 
Nxc4 51.Bxf6+ Kf7 52.g5 Nd6+ 53.Ke5 Ne8 54.Kd5 Nxf6+ 55.gxf6 Kxf6 56.Kxc5 1/2-1/2

[Event "Macieja Memorial"]
[Site "Warsaw POL"]
[Date "2022.07.08"]
[Round "11.23"]
[White "Szustakowski, Antoni"]
[Black "Jedrusik, Adam"]
[Result "1-0"]
[WhiteElo "2173"]
[BlackElo "1854"]
[EventDate "????.??.??"]
[PlyCount "80"]

1.Nf3 d5 2.g3 Bg4 3.Bg2 Nd7 4.d4 Ngf6 5.O-O e6 6.c4 c6 7.Nbd2 Be7 8.b3 h6 9.Bb2 
O-O 10.Ne5 Nxe5 11.dxe5 Nd7 12.Re1 Qb8 13.Nf3 Bxf3 14.exf3 Rd8 15.Qe2 Nb6 
16.cxd5 Nxd5 17.f4 Qc7 18.Rac1 Nb4 19.Rcd1 Nxa2 20.f5 Nb4 21.fxe6 fxe6 22.Bh3 
Qc8 23.Qg4 Nd3 24.Qg6 Nxb2 25.Bxe6+ Kh8 26.Bxc8 Raxc8 27.Rxd8+ Rxd8 28.e6 Nd3 
29.Re3 Nb4 30.Rf3 Nd5 31.Rf7 Rg8 32.Rxe7 Nxe7 33.Qf7 Nd5 34.e7 Nc7 35.f4 Ne8 
36.g4 Nd6 37.Qe6 Ne8 38.g5 Kh7 39.Kf1 Nc7 40.Qf5+ Kh8 1-0

[Event "Macieja Memorial"]
[Site "Warsaw POL"]
[Date "2022.07.08"]
[Round "11.24"]
[White "Siekanska, Maria"]
[Black "Chomczyk, Marek"]
[Result "0-1"]
[WhiteElo "1702"]
[BlackElo "2172"]
[EventDate "????.??.??"]
[PlyCount "60"]

1.d4 Nf6 2.c4 g6 3.Nc3 Bg7 4.e4 d6 5.Nf3 O-O 6.Be2 e5 7.O-O Nbd7 8.Re1 Qe7 9.d5 
c5 10.Bg5 h6 11.Bd2 Nh5 12.g3 Ndf6 13.a3 Nh7 14.b4 b6 15.Rb1 Ng5 16.Nxg5 hxg5 
17.Bxh5 gxh5 18.Qxh5 g4 19.bxc5 bxc5 20.Rb2 f5 21.Reb1 f4 22.Rb8 Rxb8 23.Rxb8 
Qf6 24.Qh4 Qf7 25.Nb5 Bf6 26.Qh6 Bg7 27.Qg5 fxg3 28.Be3 gxf2+ 29.Kf1 Qf3 
30.Rxc8 Qd1+ 0-1

[Event "Macieja Memorial"]
[Site "Warsaw POL"]
[Date "2022.07.08"]
[Round "11.25"]
[White "Kokoszczynski, Jan"]
[Black "Krasenkova, Elena"]
[Result "1-0"]
[WhiteElo "2160"]
[BlackElo "1832"]
[EventDate "????.??.??"]
[PlyCount "169"]

1.d4 g6 2.c4 Bg7 3.Nc3 c6 4.g3 d6 5.Bg2 Nd7 6.Nf3 Qc7 7.O-O e5 8.e4 Ne7 9.b3 
O-O 10.Bb2 a6 11.Rc1 f5 12.exf5 Nxf5 13.dxe5 Nxe5 14.Nxe5 dxe5 15.Ne4 Nd4 
16.Re1 Bf5 17.Bxd4 exd4 18.Nc5 Rfe8 19.Qd2 Qb6 20.Nd3 Rad8 21.Re2 Rxe2 22.Qxe2 
Qc7 23.Re1 Qd7 24.Bf3 Qd6 25.h4 Rf8 26.Bg4 Bxg4 27.Qxg4 Qf6 28.Kg2 Qf5 29.Qxf5 
Rxf5 30.f4 Rf7 31.Kf3 Kf8 32.Re6 Rc7 33.g4 Kf7 34.f5 gxf5 35.gxf5 a5 36.Ke4 Re7 
37.Rxe7+ Kxe7 38.Nc5 b6 39.Ne6 Bf6 40.Nxd4 c5 41.Nf3 Kd6 42.Ng5 h5 43.Kf4 Be5+ 
44.Kf3 Bf6 45.Ke4 Be7 46.Nf7+ Kc7 47.Ng5 Kd6 48.a4 Bf6 49.Kf4 Be5+ 50.Kf3 Ke7 
51.Ke4 Bf6 52.Kd5 Bxg5 53.hxg5 h4 54.Ke4 Kd6 55.g6 Ke7 56.Kf3 Kf6 57.Kg4 h3 
58.Kxh3 Kg7 59.Kg3 Kf6 60.Kf4 Kg7 61.Ke5 Kf8 62.f6 Ke8 63.Kd6 Kf8 64.Kc6 Ke8 
65.Kxb6 Kd7 66.Kxc5 Ke6 67.Kb5 Kxf6 68.Kxa5 Kxg6 69.Kb6 Kf6 70.Kc6 Ke7 71.a5 
Ke6 72.a6 Ke5 73.b4 Kd4 74.b5 Kxc4 75.b6 Kd4 76.a7 Ke5 77.a8=Q Kd4 78.Kd6 Kc4 
79.Qa4+ Kc3 80.Kd5 Kb2 81.Qc4 Ka3 82.Qb5 Ka2 83.b7 Ka1 84.b8=R Ka2 85.Ra8# 1-0

[Event "Macieja Memorial"]
[Site "Warsaw POL"]
[Date "2022.07.08"]
[Round "11.26"]
[White "Reza, Wojciech"]
[Black "Jakubowska, Anna"]
[Result "1-0"]
[WhiteElo "2230"]
[BlackElo "1878"]
[EventDate "????.??.??"]
[PlyCount "163"]

1.c4 e5 2.g3 Nc6 3.Bg2 g6 4.d3 Bg7 5.Nf3 d6 6.Nc3 Nge7 7.O-O O-O 8.Rb1 f5 9.Bg5 
h6 10.Bxe7 Qxe7 11.Ne1 f4 12.b4 Be6 13.Nc2 Rae8 14.b5 Nd8 15.Nb4 g5 16.Qa4 g4 
17.Rfe1 Qf7 18.Ne4 Bf5 19.Qxa7 b6 20.Nd5 Ne6 21.Nxd6 cxd6 22.Qxf7+ Rxf7 23.Nxb6 
f3 24.exf3 gxf3 25.Bxf3 Bxd3 26.Bh5 Bxb1 27.Rxb1 e4 28.a4 Bd4 29.Bxf7+ Kxf7 
30.Nd5 Nc5 31.a5 Nd3 32.Ne3 Ra8 33.b6 Nc5 34.Rb5 Nb7 35.Nf5 Bc5 36.Nxh6+ Kg6 
37.Ng4 Rxa5 38.Rb1 Ra6 39.Re1 Rxb6 40.Rxe4 Rb2 41.Rf4 Na5 42.h4 Rc2 43.Nf6 Rxc4 
44.Rf3 Nc6 45.h5+ Kg7 46.Ne8+ Kh7 47.Rf6 Rc2 48.Nxd6 Ne5 49.Ne4 Bd4 50.Rf5 Nd3 
51.Kg2 Re2 52.Ng5+ Kh6 53.Nh3 Re8 54.Nf4 Ne5 55.Rf6+ Kh7 56.Re6 Rxe6 57.Nxe6 
Bc3 58.f4 Nf7 59.g4 Bd2 60.Kf3 Bc1 61.g5 Nxg5+ 62.fxg5 Bd2 63.Kg4 Bc1 64.Kf5 
Bd2 65.Nf4 Kg7 66.Nd5 Bc1 67.h6+ Kh7 68.Nf6+ Kh8 69.Ng4 Kh7 70.Nf2 Bd2 71.Ne4 
Bc1 72.Ng3 Bd2 73.Ne2 Kh8 74.Kg4 Kh7 75.Kh5 Kh8 76.Kg6 Kg8 77.Ng3 Kh8 78.Nf5 
Kg8 79.Nd6 Bc3 80.h7+ Kf8 81.Nf7 Bb2 82.h8=Q+ 1-0

[Event "Macieja Memorial"]
[Site "Warsaw POL"]
[Date "2022.07.08"]
[Round "11.27"]
[White "Jarocka, Liwia"]
[Black "Shilov, Sergej"]
[Result "1/2-1/2"]
[WhiteElo "1840"]
[BlackElo "2082"]
[EventDate "????.??.??"]
[PlyCount "78"]

1.e4 d6 2.d4 Nf6 3.Nc3 c6 4.g3 Qa5 5.Bg2 e5 6.Ne2 Be7 7.O-O O-O 8.Bg5 h6 9.Be3 
Be6 10.h3 Qd8 11.f4 exf4 12.Nxf4 Bc4 13.Re1 Nbd7 14.b3 Ba6 15.Kh2 Re8 16.Qd2 
Bf8 17.Rad1 g6 18.Nd3 Kh7 19.Bf4 Bg7 20.e5 dxe5 21.Nxe5 Nxe5 22.Bxe5 Qa5 
23.Bxf6 Bxf6 24.Ne4 Qd8 25.Qf4 Kg7 26.Rd2 Bg5 27.Nxg5 Qxg5 28.Qxg5 hxg5 29.Rxe8 
Rxe8 30.c4 f5 31.d5 cxd5 32.Rxd5 Re7 33.Rd8 Kf6 34.Kg1 Re2 35.Rd7 Rxa2 36.Bxb7 
Bxb7 37.Rxb7 a5 38.Ra7 Ra3 39.Kf2 f4 1/2-1/2

[Event "Macieja Memorial"]
[Site "Warsaw POL"]
[Date "2022.07.08"]
[Round "11.28"]
[White "Wasilewski, Bartlomiej"]
[Black "Ratajczak, Hubert"]
[Result "1-0"]
[WhiteElo "2063"]
[BlackElo "1806"]
[EventDate "????.??.??"]
[PlyCount "121"]

1.e4 e5 2.Bc4 Nf6 3.d4 Nxe4 4.dxe5 Nc5 5.Nf3 Be7 6.O-O O-O 7.Nc3 Nc6 8.Nd5 d6 
9.Nxe7+ Qxe7 10.Bg5 Qd7 11.exd6 Qxd6 12.Qxd6 cxd6 13.Rad1 Ne4 14.Bf4 Rd8 
15.Rfe1 Bf5 16.Nh4 g6 17.g4 Bxg4 18.f3 Bh5 19.Rxe4 d5 20.Rxd5 Rxd5 21.Bxd5 Rd8 
22.c4 Nb4 23.Bg5 Rb8 24.Rf4 Nxd5 25.cxd5 h6 26.Bxh6 Rd8 27.Rd4 f6 28.Kf2 g5 
29.f4 gxh4 30.f5 Bf7 31.d6 Rd7 32.a3 Bh5 33.Ke3 Kf7 34.Kf4 Be2 35.Rd2 Bc4 
36.Kg4 b5 37.Kxh4 Rd8 38.Be3 Rh8+ 39.Kg3 a5 40.d7 Ke7 41.Bb6 Rg8+ 42.Kf4 Bd5 
43.Rxd5 Rd8 44.Bxd8+ Kxd8 45.Rxb5 a4 46.Ra5 Kxd7 47.Rxa4 Kc6 48.Ra6+ Kb5 
49.Rxf6 Kc4 50.Re6 Kb3 51.Ke5 Ka2 52.f6 Kb3 53.a4 Kxa4 54.b4 Kxb4 55.f7 Kc4 
56.f8=Q Kd3 57.Qd8+ Kc4 58.Rc6+ Kb5 59.Qc7 Ka4 60.Qb7 Ka5 61.Ra6# 1-0

[Event "Macieja Memorial"]
[Site "Warsaw POL"]
[Date "2022.07.08"]
[Round "11.29"]
[White "Niezhentsev, Kyrylo"]
[Black "Syrkiewicz, Michal"]
[Result "0-1"]
[WhiteElo "2054"]
[BlackElo "1804"]
[EventDate "????.??.??"]
[PlyCount "156"]

1.e4 c5 2.Nf3 e6 3.g3 d5 4.exd5 exd5 5.d4 Nc6 6.Bg2 Bd6 7.O-O Nge7 8.Nc3 O-O 
9.dxc5 Bxc5 10.Bf4 a6 11.Ng5 h6 12.Nf3 Bf5 13.Ne5 Nb4 14.Nd3 Nxd3 15.cxd3 Qd7 
16.d4 Ba7 17.Re1 Be6 18.Rc1 Rac8 19.Qd2 b5 20.Be3 Nc6 21.Ne2 Bb6 22.a3 Na5 
23.Rxc8 Rxc8 24.Nc3 Nc4 25.Qe2 Ba5 26.Rc1 Nxa3 27.bxa3 Rxc3 28.Rxc3 Bxc3 29.Qc2 
Ba5 30.Bf4 Bb6 31.Qc3 Qc8 32.Qxc8+ Bxc8 33.Bxd5 Bxd4 34.Bd6 Be6 35.Bb7 a5 
36.Bc6 Bc4 37.Kg2 f5 38.Kf3 Kf7 39.Bc7 Bc3 40.Ke3 Ke6 41.f4 Bb2 42.Bxa5 Bxa3 
43.Bf3 Bc5+ 44.Kd2 Bg1 45.h3 Bh2 46.g4 Bxf4+ 47.Kc2 fxg4 48.Bxg4+ Kd6 49.Bc3 g6 
50.Bb4+ Kd5 51.Bf3+ Kd4 52.Bc3+ Kc5 53.Bf6 b4 54.Be7+ Kb5 55.Bg4 b3+ 56.Kb1 Be5 
57.Bd7+ Kb6 58.Ba3 Bd3+ 59.Kc1 Kc7 60.Ba4 Bc4 61.Be8 Bd6 62.Bxd6+ Kxd6 63.Bxg6 
Ke5 64.Kb2 Kf4 65.Bh5 Kg3 66.Bg4 Kh4 67.Bf5 h5 68.Bg6 Kg5 69.Be4 h4 70.Bf3 Kf4 
71.Bg4 Kg3 72.Bf5 Bf1 73.Kxb3 Bxh3 74.Be4 Bg4 75.Kc3 h3 76.Bh1 Bf3 77.Kd2 Bxh1 
78.Ke1 Bg2 0-1